000 012180000a22002890004500
003 EG-GiCUC
005 20250223025814.0
008 090414s1997 ua d f m 000 0 eng d
040 _aEG-GiCUC
_beng
_cEG-GiCUC
041 0 _aEng
049 _aDeposite
097 _aM.Sc
099 _aCai01.07.03.M.Sc.1997.Sa.L
100 0 _aSafwat Abdelghany Abdelmageed Gomaah
245 1 0 _aLimnological studies of heavy organic fertilizer effect on fish ecosystem /
_cSafwat Abdelghany Abdelmageed Gomaah ; Supervised M. Elnady , Z. Nagdy , B. W. Green
246 1 5 _aدراسات ليمنولوجية عن تأثير التسميد المركز بالسماد العضوي علي البيئة الإنتاجية للأسماك
260 _aCairo :
_bSafwat Abdelghany Abdelmageed Gomaah ,
_c1997
300 _a121Leaves :
_bcharts ;
_c30cm
502 _aThesis(M.Sc.) - Cairo University - Faculty of Agriculture - Department of Animal Production - Fish production
700 0 _aB. W. Green ,
_eSupervisor
700 0 _aM. Elnady ,
_eSupervisor
700 0 _aZ. Nagdy ,
_eSupervisor
856 _uhttp://172.23.153.220/th.pdf
905 _aMustafa
_eRevisor
905 _aSamia
_eCataloger
942 _2ddc
_cTH
999 _c21021
_d21021